Quizzes
Events
Quiz Creation
Community
Videos
Private Events
Remove Ads
Sign In
Join for FREE
Feedback
Dark Mode
Quiz Categories
Sports
Geography
Music
Movies
Television
Just For Fun
Miscellaneous
History
Literature
Language
Science
Gaming
Entertainment
Religion
Holiday
For Kids
Quiz Lab
Recent
Popular Today
Quiz Kudos Today
Editor Picks
Curator Picks
Quizzes by...
Day
Popularity
Type
Ratings
Length
Year
Community
Subscriptions
Recent Discussions
Orange Saloon
Badges
Playlists
Quests
Create
Leaderboards
Showdown
Live 5
Trivia Bingo
Activity
Puzzle Library
Sporcle Events
Private Events
Virtual Trivia
Globe League
Become a Host
Pub Owners
SporcleCon
Opinionation
Our Games
Videos
Blog
Mobile Apps
Partnerships
Remove Ads and Go Orange
Feedback
Just For Fun
Clickable
Get the Picture
Humor
Quick Pick
Word Ladder
Missing Word
Mixed Word
Blitz
Minefield
This or That
Alphabet
Color
Typing
Sporcle
Puzzle
Word Play
Follow That Line
Logic
Just For Fun
Clickable
Get the Picture
Humor
Quick Pick
Word Ladder
Missing Word
Mixed Word
Blitz
Minefield
This or That
Alphabet
Color
Typing
Sporcle
Puzzle
Word Play
Follow That Line
Logic
Random Quiz
Search Sporcle
×
Quiz Lab
Quiz Lab
Just For Fun
Logic
Type in answers that appear in a list
Type in answers that appear in a list
Classic
Best Score? Go Orange.
Puppy Logic Stats
Can you name the cutest puppies ever?
By
tooty
5m
9 Questions
147 Plays
147 Plays
147 Plays
Comments
Comments
Give Quiz Kudos
Give Quiz Kudos
-
- Ratings
hide this ad
More Info
Forced Order
Answers have to be entered in order
Answers have to be entered in order
Replay
Link that replays current quiz
Next Quiz
Link to next quiz in quiz playlist
You Got
0%
They Got
Avg Score
52%
Avg Friend Score
Upgrade to see
Score Distribution
Jump to the score distribution portion of the page
Score
0/9
Timer
05:00
0
Plays Today
Clue
Breed
% Correct
A1.
Dog - A mix between a Yorkshire Terrier and Chihuahua is in C1.
95.2%
C1.
Chorkie - There are polka dots in the top row.
56.5%
A2.
Chocolate Lab - There is an Alaskan dog under me.
50.3%
A3.
Siberean Husky - The mini Mexican is last.
46.9%
C2.
Pit Bull - GRRRR!! Roof! Roof!
46.9%
B1.
Dalmation - There are golden locks in B3 and sweet lab in A2..
46.3%
B3.
Golden Retreiver- There is a Rottweiler.
44.9%
C3.
Chihuahua - Help! There is a Pit Bull adjacent to me!
44.9%
B2.
Rotweiler - Congratulations, you finished the quiz!
40.8%
Quiz Playlist
Details
Report
Send in Message
Add To Playlist
More Info:
Type DOG to start. Adjacent does NOT include diaganols.
Classic:
Type in answers that appear in a list
Forced Order:
Answers have to be entered in order
Last Updated: Feb 16, 2017
Quiz Scoreboard
CHALLENGE
Sign Up to Join the Scoreboard
Show All
Scores
Hide
Comments
May contain spoilers
Recently Published
Alphabetical 'K' Countries by Flag Minefield
by ylime102
Geography
3m
Pick 6: Fruits
by JohnFran
Miscellaneous
15s
Click the 1999 NBA Draft
by nibperrychub
Sports
2m
More to Explore
Quiz From the Vault
Featured Blog Post
15 Basketball Trivia Facts You Can Be March Mad About
hide this ad
You Might Also Like...
Tags
Logic Quiz
dog
Puppy
Today's Top Quizzes in Just For Fun
Browse Just For Fun
hide this ad
Today's Top Quizzes in Logic
Browse Logic
Top Contributed Quizzes in Just For Fun
1
Seasons
2
Pick 6: Letters
3
Pick 6: Foods
4
Pick 6: Colors
5
Quick Pick: Spring Things
6
Dragon Ball Z Logic Quiz
7
Four Seasons
8
Just Another 1-25 Logic Puzzle
9
🌸 Two-Word Hint Crossword 7 🌸
10
LogiCrossword: Seasons of Year
Explore More
Trending Topics
Harry Potter
Disney
Anime
Kpop
NBA
Marvel
Crossword
Puzzle
Soccer
Song
The Office
WWE
NFL
Pokémon
Country
hide this ad
More By:
tooty
Quiz
Plays
Rating
Category
Featured
Created
Frozen Main Characters
2,268
3.60
Movies
Feb 2, 2014
Harry Potter Characters Clickable
551
1.43
Literature
Dec 1, 2014
Puppy Logic
147
1.20
Just For Fun
Feb 28, 2014
Go to Creator's Profile
Score Distribution
Quiz Creator Spotlight
tooty
Follow
Send a Message
Quizzes Created
-
Created Quiz Play Count
-
More By This Creator
Popular Quizzes Today
1
Countries of Asia Without Outlines Minefield
2
Find the US States - No Outlines Minefield
3
Pick 6: Fruits
4
Alphabetical 'K' Countries by Flag Minefield
5
The Countries of the World
6
Find the US States
7
US States
8
Match the Book to the Film X
More Just For Fun Quizzes
Word Ladder: America's Pastime
Published
Trending Quizzes
Pick 6: Harry Potter
Pick 6: Mountains
Pick 6: NFL Teams
Pick 6: Flags
Pick 6: Movie Franchises
Recently Updated
NWSL Teams
pecheneg
Women's Final Four Teams by Year
bhenderson79
Presidents Quartet II
eogle
Anything But Clue(do)
eogle
Anything But Oceanian Capitals
eogle
Anything But 7
eogle
Anything But Thing
eogle
Word Ladder: February 29
pecheneg
Song Title Questions
pecheneg
Women's NCAA Tournament #1 Seeds
pecheneg
Trending Topics
Crossword
Marvel
Kpop
Harry Potter
NBA
Disney
Anime
Song
Country
Soccer
The Office
Pokémon
WWE
NFL
Puzzle
Your Account Isn't Verified!
In order to create a playlist on Sporcle, you need to verify the email address you used during registration. Go to your
Sporcle Settings
to finish the process.
Report this User
Report this user for behavior that violates our
Community Guidelines
.
Details:
Send Report
Go to the Sporcle.com Mobile Site →
Comments